Statistics for Country Flags with the Most Blue

Click here to take the quiz!

General Stats

  • This quiz has been taken 15,601 times
  • The average score is 12 of 16

Answer Stats

Answer% Correct
Australia
99%
New Zealand
97%
Sweden
96%
Kazakhstan
82%
Kosovo
80%
Fiji
80%
Bosnia & Herzegovina
78%
Palau
72%
Nauru
69%
F. S. Micronesia
68%
Tuvalu
67%
Marshall Islands
66%
Somalia
65%
St. Lucia
63%
Botswana
58%
Cape Verde
50%

Score Distribution

Percentile by Number Answered

Percent of People with Each Score

Your Score History

You have not taken this quiz